000 00616nam a2200193 a 4500
001 000048751
005 20201002061359.0
008 190314s2016 dr ac 000 0 spa d
020 _a9789945085754
040 _aDO-SdBNP
_bspa
_cBNPHU
082 _axxxx
_bR696a
100 1 _aRodríguez, Aurin
_976206
245 1 3 _aMi agenda de oración /
_cAurin Rodríguez ; fotografías Aura Milton.
260 _aSanto Domingo :
_bAmigo del hogar,
_c2016.
300 _a214 p. ; :
_bil., retrs. ;
_c21 cm.
500 _aLibro de pasta dura y espiral.
590 _aInventariado, 2019/ YL
700 1 2 _aMilton, Aura
_efot.
_976207
999 _c48239
_d48239